书目信息 |
| 题名: |
搭地铁玩香港
|
|
| 作者: | 何林夏 编著 | |
| 分册: | ||
| 出版信息: | 桂林 广西师范大学出版社 2008.09 |
|
| 页数: | 232页 | |
| 开本: | 22cm | |
| 丛书名: | ||
| 单 册: | ||
| 中图分类: | K928.965.8 | |
| 科图分类: | ||
| 主题词: | 导游 , 导游--香港 | |
| 电子资源: | ||
| ISBN: | 978-7-5633-7621-6 | |
| 000 | 00961nam0 2200301 450 | |
| 001 | 0100140563 | |
| 005 | 20141020221329.0 | |
| 010 | @a978-7-5633-7621-6@dCNY39.80 | |
| 100 | @a20140915d2008 em y0chiy50 ea | |
| 101 | 0 | @achi |
| 101 | 11 | @achi |
| 102 | @aCN@b450000 | |
| 105 | @aab z 001yy | |
| 106 | @ar | |
| 200 | 1 | @a搭地铁玩香港@Ada di tie wan xiang gang@9da di tie wan xiang gang@b专著@e2008-2009最新全彩版@f何林夏编著@Fhe lin xia bian zhu |
| 210 | @a桂林@c广西师范大学出版社@d2008.09 | |
| 215 | @a232页@c彩图,地图@d22cm | |
| 300 | @a搭地铁自助游 | |
| 330 | @a本书由港岛线、荃湾线、观塘线、东涌线、将军澳线、迪斯尼线、东铁线、马鞍山线、西铁线、机场快线、澳门别册等11部分组成。 | |
| 517 | 1 | @a2008-2009最新全彩版 |
| 540 | @a搭地铁玩香港 | |
| 606 | 0 | @a导游 |
| 606 | 0 | @a导游@y香港 |
| 690 | @aK928.965.8@v5 | |
| 701 | 0 | @a何林夏@Ahe lin xia@4编著 |
| 801 | @aCN | |
| 901 | @a001 | |
| 905 | @b1103467-9@dK928.965.8@eH187@f3@a241430 | |
| 搭地铁玩香港:2008-2009最新全彩版/何林夏编著.-桂林:广西师范大学出版社,2008.09 |
| 232页:彩图,地图;22cm |
| 搭地铁自助游 |
| ISBN 978-7-5633-7621-6:CNY39.80 |
| 本书由港岛线、荃湾线、观塘线、东涌线、将军澳线、迪斯尼线、东铁线、马鞍山线、西铁线、机场快线、澳门别册等11部分组成。 |
| ● |
| 相关链接 |
|
|
|
正题名:搭地铁玩香港
索取号:K928.965.8/H187
 
预约/预借
| 序号 | 登录号 | 条形码 | 馆藏地/架位号 | 状态 | 备注 |
| 1 | 1103467 | 211034673 | 社科库309/309社科库 24排1列1层/ [索取号:K928.965.8/H187] | 在馆 | |
| 2 | 1103468 | 211034682 | 社科库309/309社科库 24排1列1层/ [索取号:K928.965.8/H187] | 在馆 | |
| 3 | 1103469 | 211034691 | 社科库309/309社科库 24排1列1层/ [索取号:K928.965.8/H187] | 在馆 |